Grandes temas IFRS

Uloženo v:
Podrobná bibliografie
Médium: Kniha
Jazyk:španělština
Vydáno: Santiago Legal Publishing 2013
Vydání:1a. ed
Témata:
Tagy: Přidat tag
Žádné tagy, Buďte první, kdo vytvoří štítek k tomuto záznamu!

MARC

LEADER 00000cam a2200000 a 4500
001 UCF9327
003 CL-VaPUC
008 131111e20130600cl |||||||||||||||||spa|d
020 |a 9789563463590 
082 0 4 |a 657.48  |b GRA  |2 21 
245 1 0 |a Grandes temas IFRS 
250 |a 1a. ed 
300 |a 433 p 
942 |c BK 
945 |d 20131111 15:03:00  |a dcastane 
260 |a Santiago  |b Legal Publishing  |c 2013 
650 0 |a Contabilidad financiera  |9 307017 
650 7 |a ESTADOS FINANCIEROS  |2 CL-VaPUC  |9 571597 
650 7 |a BALANCE  |2 CL-VaPUC  |9 352306 
650 0 |a Control de costos  |9 263895 
583 |a last modification  |c 20131111 15:03:00  |k Rodrigo Vera 
999 |c 353779  |d 353777 
952 |0 0  |1 0  |3 erb  |4 0  |6 657_480000000000000_GRA_2013  |7 0  |8 R  |9 459159  |a BIBGIM  |b BIBGIM  |d 2019-11-23  |i 5015286  |o 657.48 GRA 2013  |p 5015286  |r 2025-01-15  |w 2019-11-23  |y BK_R  |z Catalogado en:20131111  |k COM 
952 |0 0  |1 0  |3 erb  |4 0  |6 657_480000000000000_GRA_2013  |7 0  |8 R  |9 459160  |a BIBGIM  |b BIBGIM  |d 2019-11-23  |i 5015294  |o 657.48 GRA 2013  |p 5015294  |r 2025-01-15  |w 2019-11-23  |y BK_R  |z Catalogado en:20131111  |k COM